Faba bean information service
Đã lưu trong:
| 格式: | 圖書 |
|---|---|
| 語言: | Undetermined |
| 出版: |
Syria
International center for agricultural research in the dry areas
2000
|
| 主題: | |
| 標簽: |
添加標簽
沒有標簽, 成為第一個標記此記錄!
|
| Thư viện lưu trữ: | Trung tâm Học liệu Trường Đại học Cần Thơ |
|---|
| LEADER | 00506nam a2200169Ia 4500 | ||
|---|---|---|---|
| 001 | CTU_122514 | ||
| 008 | 210402s9999 xx 000 0 und d | ||
| 082 | |a 633.35 | ||
| 082 | |b F112 | ||
| 245 | 0 | |a Faba bean information service | |
| 260 | |a Syria | ||
| 260 | |b International center for agricultural research in the dry areas | ||
| 260 | |c 2000 | ||
| 650 | |a Fava bean,Fava bean | ||
| 650 | |x Congresses,Breeding,Congresses | ||
| 904 | |i Hiếu | ||
| 980 | |a Trung tâm Học liệu Trường Đại học Cần Thơ | ||